|
|
|
|
| LEADER |
00000nam0a2200000 4500 |
| 001 |
247954 |
| 005 |
20231101232338.0 |
| 010 |
|
|
|a 9785897540785
|
| 035 |
|
|
|a (RuTPU)RU\TPU\book\269587
|
| 090 |
|
|
|a 247954
|
| 100 |
|
|
|a 20140116d2013 k y0rusy50 ca
|
| 101 |
0 |
|
|a rus
|
| 102 |
|
|
|a RU
|
| 105 |
|
|
|a a z 001zy
|
| 200 |
1 |
|
|a Совершенствование метода палеоструктурного анализа для повышения эффективности эксплуатации нефтегазовых месторождений и ПХГ
|f С. А. Хан, А. Н. Давыдов
|g Газпром ; Газпром ВНИИГАЗ
|
| 210 |
|
|
|a Москва
|c Газпром ВНИИГАЗ
|d 2013
|
| 215 |
|
|
|a 138 с.
|c ил.
|
| 320 |
|
|
|a Библиогр.: с. 124-128.
|
| 330 |
|
|
|a В монографии впервые представлена методика уточнения геологического строения ПХГ для заложения эксплуатационных скважин на основе модели зон сжатия и разуплотнения структурной поверхности целевого горизонта. Разработаны и усовершенствованы методы исследования, целью которых является качественное и эффективное решение геолого-экономических задач. Обосновывается рациональный комплекс геологоразведочных работ на различных этапах и стадиях при подготовке ловушек с целью создания ПХГ. Результаты работы могут быть использованы при обосновании мест заложения эксплуатационных скважин при разработке месторождений нефти и газа, а также при создании ПХГ. Издание предназначено для геологов и геофизиков производственных и научно-исследовательских организаций нефтяной и газовой промышленности, а также для преподавателей, аспирантов и студентов геологоразведочных факультетов профильных вузов.
|
| 606 |
1 |
|
|a Газы
|x Хранение подземное
|2 stltpush
|3 (RuTPU)RU\TPU\subj\5349
|9 33450
|
| 610 |
1 |
|
|a геологоразведочные работы
|
| 610 |
1 |
|
|a водоносные пласты
|
| 610 |
1 |
|
|a палеоструктурный анализ
|
| 610 |
1 |
|
|a продуктивные горизонты
|
| 610 |
1 |
|
|a напряжение
|
| 610 |
1 |
|
|a сейсморазведка
|
| 610 |
1 |
|
|a исходные геологические материалы
|
| 610 |
1 |
|
|a геологическое строение
|
| 610 |
1 |
|
|a ловушки
|
| 675 |
|
|
|a 622.691.2
|v 3
|
| 700 |
|
1 |
|a Хан
|b С. А.
|
| 701 |
|
1 |
|a Давыдов
|b А. Н.
|
| 712 |
0 |
2 |
|a Газпром
|c Открытое Акционерное Общество
|c (Москва)
|2 stltpush
|3 (RuTPU)RU\TPU\col\11
|
| 712 |
0 |
2 |
|a Газпром ВНИИГАЗ
|c Общество с ограниченной ответственностью
|c (Москва)
|2 stltpush
|3 (RuTPU)RU\TPU\col\16411
|
| 801 |
|
1 |
|a RU
|b 63413507
|c 20140116
|
| 801 |
|
2 |
|a RU
|b 63413507
|c 20140724
|g RCR
|
| 942 |
|
|
|c BK
|